000 00490nam a22001817a 4500
005 20251108170104.0
008 250721s1993 xx 000 0 ara d
082 1 4 _aط/ق/جبر
100 1 _aجبر، أحمد
245 1 0 _aالبحر الميت الطيب /
264 1 _aعمان :
_c1993.
300 _a41ص
490 0 _aسلسلة مدارج الطفولة ؛4
650 1 7 _aأدب الأطفال
650 1 7 _aالقصص العربية
942 _2ddc
_cBK
999 _c39460
_d39460